<?xml version="1.0" encoding="UTF-8"?><?xml-stylesheet type="text/xsl" href="static/style.xsl"?><OAI-PMH xmlns="http://www.openarchives.org/OAI/2.0/" xmlns:xsi="http://www.w3.org/2001/XMLSchema-instance" xsi:schemaLocation="http://www.openarchives.org/OAI/2.0/ http://www.openarchives.org/OAI/2.0/OAI-PMH.xsd"><responseDate>2026-06-30T01:10:03Z</responseDate><request verb="GetRecord" identifier="oai:riubu.ubu.es:10259/4802" metadataPrefix="marc">https://riubu.ubu.es/oai/request</request><GetRecord><record><header><identifier>oai:riubu.ubu.es:10259/4802</identifier><datestamp>2025-03-03T11:52:21Z</datestamp><setSpec>com_10259_2699</setSpec><setSpec>col_10259_2705</setSpec></header><metadata><record xmlns="http://www.loc.gov/MARC21/slim" xmlns:doc="http://www.lyncode.com/xoai" xmlns:xsi="http://www.w3.org/2001/XMLSchema-instance" xmlns:dcterms="http://purl.org/dc/terms/" xsi:schemaLocation="http://www.loc.gov/MARC21/slim http://www.loc.gov/standards/marcxml/schema/MARC21slim.xsd">
<leader>00925njm 22002777a 4500</leader>
<datafield tag="042" ind1=" " ind2=" ">
<subfield code="a">dc</subfield>
</datafield>
<datafield tag="720" ind1=" " ind2=" ">
<subfield code="a">Retortillo Atienza, Asunción</subfield>
<subfield code="e">author</subfield>
</datafield>
<datafield tag="260" ind1=" " ind2=" ">
<subfield code="c">2016</subfield>
</datafield>
<datafield tag="520" ind1=" " ind2=" ">
<subfield code="a">La presente Tesis Doctoral estudia la figura del genovés Ambrosio Spínola desde su nacimiento en 1569, hasta la muerte del rey Felipe III en 1621. Esta biografía de uno de los personajes más importantes de la Historia de España en la primera mitad del siglo XVII llena el vacío existente en el estudio del gobierno de Flandes por parte de los archiduques Alberto e Isabel. El mismo ofrece una novedosa perspectiva de las relaciones entre las cortes de Madrid y Bruselas analizada desde el punto de vista de la participación del militar italiano en los principales acontecimientos políticos y militares sucedidos en Europa en esa época. Ambrosio Spínola como maestre de campo general del ejército español en Flandes y Superintendente de la Hacienda del mismo participó, organizó y dirigió todas las campañas militares de ese periodo en la guerra de los Ochenta Años y en el posterior conflicto de la guerra de los Treinta Años.</subfield>
</datafield>
<datafield tag="024" ind2=" " ind1="8">
<subfield code="a">http://hdl.handle.net/10259/4802</subfield>
</datafield>
<datafield tag="024" ind2=" " ind1="8">
<subfield code="a">10.36443/10259/4802</subfield>
</datafield>
<datafield ind1=" " ind2=" " tag="653">
<subfield code="a">Ambrosio Spínola</subfield>
</datafield>
<datafield ind1=" " ind2=" " tag="653">
<subfield code="a">Guerra de los Ochenta Años</subfield>
</datafield>
<datafield ind1=" " ind2=" " tag="653">
<subfield code="a">Ejército de Flandes</subfield>
</datafield>
<datafield ind1=" " ind2=" " tag="653">
<subfield code="a">Guerra de los Treinta Años</subfield>
</datafield>
<datafield ind1=" " ind2=" " tag="653">
<subfield code="a">Guerra del Palatinado</subfield>
</datafield>
<datafield ind1=" " ind2=" " tag="653">
<subfield code="a">Eighty Years' War</subfield>
</datafield>
<datafield ind1=" " ind2=" " tag="653">
<subfield code="a">Army of Flanders</subfield>
</datafield>
<datafield ind1=" " ind2=" " tag="653">
<subfield code="a">Palatinate War</subfield>
</datafield>
<datafield ind1=" " ind2=" " tag="653">
<subfield code="a">Thirty Years' War</subfield>
</datafield>
<datafield tag="245" ind1="0" ind2="0">
<subfield code="a">Ambrosio Spínola y el ejército de Felipe III, 1569-1621</subfield>
</datafield>
</record></metadata></record></GetRecord></OAI-PMH>